| 000 | 00628nam a2200181 a 4500 | ||
|---|---|---|---|
| 001 | 1457 | ||
| 005 | 20140414131855.0 | ||
| 008 | 001111s19uu xx 00 eng d | ||
| 050 |
_aM 813.4 _bC59 1986 |
||
| 100 | _aClemens, Samuel Langhorne, 1835-1910 | ||
| 245 |
_aThe adventures of Tom Sawyer / _cSamuel Langhorne Clemens, Mark Twain ; adapted by Deidre S. Laiken ; illustrated by Pablo Marcos Studio. |
||
| 260 |
_aNew York : _bBaronet Books, _c1986. |
||
| 300 | _a238 p. : ill. ; cm. | ||
| 440 | _aGreat illustrated classics | ||
| 650 | _aAdventures and adventurers - Fiction. | ||
| 650 | _aMark Twain | ||
| 999 |
_c110387 _d110387 |
||